Saint Seiya : Enigme Personnages - Statistiques

Statistiques générales
  • Ce quiz a été pris 320 fois
  • Le résultat moyen est 14 sur 26
Statistiques - réponses
Indice Lettre Personnage % Correct
E se réincarne environ tous les 200 ans E Athena
84%
A est le frère de K A Kanon
84%
Y est le premier à s’éveiller au septième sens Y Seiya
81%
M s’est entrainé dans le Grand Nord M Hyoga
78%
K ressuscite en tant que spectre de L K Saga
73%
L et W sont les ennemis de E L Hades
71%
W a été réveillé par A W Poseidon
71%
R est le chevalier au cœur pur R Shun
69%
U est l'un des Dieux Jumeaux U Hypnos
65%
G porte un masque G Shaina
65%
F accompagne E dans le Royaume des Morts F Shaka
60%
J est la sœur de L J Pandore
58%
I est opposé à B et est un chevalier d’or I Mu
54%
P fait équipe avec A P Ikki
52%
Seki Shiki Meikai Ha est la plus puissante attaque de O O Deathmask
49%
N vient en renfort contre le guerrier divin Q N Marine
44%
K a tué B B Grand Pope
42%
T a combattu étant jeune l’ancêtre de Q T Dohko
39%
N est à Y ce que I est à S S Kiki
38%
X et Z vivent avec T X Shiryu
37%
Durant la bataille du sanctuaire, O a attaqué Z qui a ensuite été sauvé par T Z Shunrei
36%
Q est le cinquième combattant de l’arc Asgard Q Alberich
34%
G et C sont amoureuses de Y C Miho
28%
H préside le tribunal des enfers H Rune
27%
D est un des marinas de W D Thetis
23%
V a vaincu Y, M et R à l’aide d’une technique d’illusionmais a ensuite été vaincu par P V Kaasa
8%
Aucun quiz correspondant
Distribution des résultats
% des personnes avec chaque résultat
Percentile par nombre de réponses
Votre historique - résultats
Vous n’avez pas pris ce quiz